00510 2200169 4500001002100000008004100021035002000062245010400082100001900186260004500205300001300250020002200263084001400285082000800299650001400307990001900321INLIS000000000003147 ind  a0010-0724003147 aThe Student's StoriesbCara Mengubah Kegagalan dan Kesulitan Menjadi KesuksesancKT. Arya Mahardika aMatthew Turner aJakartabPT Gramedia pustaka Utamac2020 a240 hlm. a978-602-06-3784-6 a130 MAT t a130 aNon Fiksi aP29/CP/24/3147